| 000 | 01206 a2200229 4500 | ||
|---|---|---|---|
| 001 | 124 | ||
| 005 | 20260407155413.0 | ||
| 008 | 260407a2006 arg spa d | ||
| 003 | AR-UNSa-BCEJYS | ||
| 040 |
_aAR-UNSa-BCEJYS _bspa _cAR-UNSa-BCEJYS |
||
| 080 |
_a657.62 _xAnálisis de balances. Comprobación de balances (Balances falsos) |
||
| 245 | 1 | 0 | _aBalances falsos o incompletos |
| 020 | _a978-987-02-1880-7 | ||
| 264 | 1 |
_aBuenos Aires : _bDunken _c2006 |
|
| 300 |
_a182 p. _c22 cm |
||
| 505 | _a1. Aspectos previos y cuestiones conceptuales - 2. Marco legal - 3. Los objetos materiales de la acción - 4. El conocimiento del agente - 5. Cuestiones fundamentales - 6. Análisis y estudio del balance falso - 7. Configuración del delito - 8. El auditor externo y el síndico - 9. Acciones colaterales oponibles a los autores del delito y al auditor externo - 10. Estados contables del séctor público falsos o fraudulentos | ||
| 041 | _aspa | ||
| 942 | _cBK | ||
| 590 | _aniveau_biblio:m niveau_hierar:0 | ||
| 100 | 1 | _aVargas, Carlos Alejandro | |
| 856 | 4 | 1 |
_uhttps://biblioeco.unsa.edu.ar/pmb/images/libros/Balances falsos o incompletos Vargas, Carlos Alejandro (2006).jpg _yImagen de portada _qimage/jpeg |
| 999 |
_c95 _d95 |
||